000 00405nam a2200193Ia 4500
005 20251020182556.0
008 200515s9999 xx 000 0 und d
082 _aR-MP/BCR/1996
110 _aBanco Central de Reserva
245 0 _aMemoria 1996
260 _aLima
260 _c1996
300 _a190
650 _aBANCOS
650 _aBCR
650 _aLIB
650 _aMEMORIAS
942 _cLIB
999 _c2906
_d2906